<?xml version="1.0" encoding="UTF-8"?>
<collection xmlns="http://www.loc.gov/MARC21/slim">
 <record>
  <leader>01059nam a2200265   4500</leader>
  <controlfield tag="001">1/8994</controlfield>
  <controlfield tag="008">780426s1977    ne a     b    00100 eng  </controlfield>
  <datafield tag="020" ind1=" " ind2=" ">
   <subfield code="a">902070625X</subfield>
  </datafield>
  <datafield tag="035" ind1=" " ind2=" ">
   <subfield code="l">9316</subfield>
  </datafield>
  <datafield tag="040" ind1=" " ind2=" ">
   <subfield code="a">DLC</subfield>
   <subfield code="b">GR-PeUP</subfield>
  </datafield>
  <datafield tag="082" ind1="0" ind2="0">
   <subfield code="a">338.6 WE</subfield>
  </datafield>
  <datafield tag="245" ind1="0" ind2="0">
   <subfield code="a">Welfare aspects of industrial markets /</subfield>
   <subfield code="c">editors, A. P. Jacquemin and H. W. de Jong.</subfield>
  </datafield>
  <datafield tag="260" ind1=" " ind2=" ">
   <subfield code="a">Leiden :</subfield>
   <subfield code="b">Martinus Nijhoff Social Sciences Division,</subfield>
   <subfield code="c">1977.</subfield>
  </datafield>
  <datafield tag="300" ind1=" " ind2=" ">
   <subfield code="a">xvii, 438 p. :</subfield>
   <subfield code="b">ill. ;</subfield>
   <subfield code="c">23 cm.</subfield>
  </datafield>
  <datafield tag="490" ind1="1" ind2=" ">
   <subfield code="a">Nijenrode studies in economics ;</subfield>
  </datafield>
  <datafield tag="504" ind1=" " ind2=" ">
   <subfield code="a">Includes bibliographies and index.</subfield>
  </datafield>
  <datafield tag="650" ind1=" " ind2="4">
   <subfield code="a">Industrial concentration</subfield>
   <subfield code="x">Addresses, essays, lectures.</subfield>
  </datafield>
  <datafield tag="650" ind1=" " ind2="4">
   <subfield code="a">Industrial organization</subfield>
   <subfield code="x">Addresses, essays, lectures.</subfield>
  </datafield>
  <datafield tag="650" ind1=" " ind2="4">
   <subfield code="a">Welfare economics</subfield>
   <subfield code="x">Addresses, essays, lectures.</subfield>
  </datafield>
  <datafield tag="650" ind1=" " ind2="4">
   <subfield code="a">Industry and state</subfield>
   <subfield code="x">Addresses, essays, lectures.</subfield>
  </datafield>
  <datafield tag="700" ind1="1" ind2=" ">
   <subfield code="a">Jacquemin, Alexis.</subfield>
  </datafield>
  <datafield tag="700" ind1="1" ind2=" ">
   <subfield code="a">Jong, Henry W. de.</subfield>
  </datafield>
  <datafield tag="830" ind1=" " ind2=" ">
   <subfield code="a">Nijenrode studies in economics ;</subfield>
   <subfield code="v">2</subfield>
  </datafield>
  <datafield tag="852" ind1=" " ind2=" ">
   <subfield code="a">INST</subfield>
   <subfield code="b">UNIPILB</subfield>
   <subfield code="c">MAIN</subfield>
   <subfield code="e">20040709</subfield>
   <subfield code="h">338.6 WE</subfield>
   <subfield code="p">00108589</subfield>
   <subfield code="q">00108589</subfield>
   <subfield code="t">LOAN</subfield>
   <subfield code="y">0</subfield>
   <subfield code="4">1</subfield>
  </datafield>
  <datafield tag="856" ind1="4" ind2=" ">
   <subfield code="d">/webopac/covers/03/9316_902070625X.jpg</subfield>
  </datafield>
 </record>
</collection>
